000 00957 a2200301 4500
999 _c200129175
_d31599
001 200129175
003 TR-AnTOB
005 20210803152603.0
008 130626s2006 tu 000 0
020 _a975606515x
040 _aTR-AnTOB
_cTR-AnTOB
041 _atur
050 0 0 _aDR571
_b.A76 2006
090 _aDR571 .A76 2006
100 1 _aArmağan, Mustafa,
_d1961-
_960850
245 1 0 _aAbdülhamid'in kurtlarla dansı /
_cMustafa Armağan.
264 1 _aİstanbul :
_bUfuk Kitap,
_c2006.
300 _a335 p. :
_c13 cm
336 _2rdacontent
_atext
_btxt
337 _2rdamedia
_aunmediated
_bn
338 _2rdacarrier
_avolume
_bnc
490 0 _aTimaş Yayınları ;
_v2208
_aOsmanlı Tarihi ;
_v45
600 0 0 _aAbdülhamid,
_bII,
_cSultan of the Turks,
_d1842-1918
_9119282
651 0 _aTurkey
_xHistory
_yAbdülhamid II, 1876-1909
_999744
651 0 _aTürkiye
_xTarih
_yAbdülhamid II, 1876-1909
_988711
942 _cBK
_2lcc